00974nas a2200241Ia 4500001001100000003000900011008004100020040001300061040001300074041001300087100003800100210001300138222001300151245007700164250001100241260003400252501008600286300001100372310001900383362003200402500026000434650003800694R224/E8414IT-RoPAU151124c99999999xx |||||||||||| ||und|| aIT-RoPAU cIT-RoPAU aITALIANO aAA.VV. gCodice Aut. SPICS: 12000 aBERENICE aBerenice aBERENICE, ANNO 05-N.13 (MARZO 1997)bBerenice, Anno 05-N.13 (Marzo 1997) a1a ed. aL'AQUILAbANGELUS NOVUSc1997 bPaulus - SPICS - Società San Paolo EM (non-commercial uses only)cCopyright2015 a160 p. aQUADRIMESTRALE aANNO 005, N.13 (MARZO 1997) aRivista di Studi Comparati e Ricerche Sulle Avanguardie. Numero Speciale con la Prima Parte degli Atti del Convegno Internazionale Sulla Magia, Tenutosi a Pescara Dal 5 All'11 Maggio 1997. Contributi di Autori Vari Sotto la Direzione di Gabriele-Aldo Ber aESTETICAvPUBBLICAZIONE PERIODICA